| 000 | 00505nam a2200181Ia 4500 | ||
|---|---|---|---|
| 003 | GCL | ||
| 008 | 140319s9999 xx 000 0 eng d | ||
| 040 |
_aGCL / _cGCL |
||
| 082 | 0 | 4 |
_a363.7392 _bP T |
| 100 | 1 | _aPATRICK, DAVID R | |
| 245 | 1 | 0 |
_aTOXIC AIR POLLUTION HANDBOOK / _cPATRICK, DAVID R |
| 260 |
_a[S.N] : _bVAN NOSTRAND REINHOLD ، _c1994 |
||
| 300 | _a588 P | ||
| 650 | 0 | 4 | _aAIR QUALITY MANAGEMENT |
| 650 | 0 | 4 | _aAIR POLLUTION |
| 650 | 0 | 4 | _aAIR POLLUTION, LAW AND LEGSILATION |
| 942 |
_2ddc _cBK |
||
| 999 |
_c13611 _d13611 |
||